| 000 | 00429nam a22001697a 4500 | ||
|---|---|---|---|
| 003 | OSt | ||
| 008 | 220618b |||||||| |||| 00| 0 eng d | ||
| 020 | _a9788170353294 | ||
| 020 | _a8170353297 | ||
| 082 |
_a637.1 _bIBR/MI |
||
| 100 |
_aIbraheem Kutty, C _95213 |
||
| 100 |
_aSheeba Khamer _95214 |
||
| 245 | _aMilk production and processing | ||
| 260 |
_aNew Delhi _bDaya Publishing House _c2022 |
||
| 300 | _a188p | ||
| 942 | _cBK | ||
| 999 |
_c17523 _d17523 |
||